Incising UK-grown Sitka spruce (Record no. 105043)

MARC details
000 -LEADER
fixed length control field 00971cam a2200265 4500
001 - CONTROL NUMBER
control field ##L132160
008 - FIXED-LENGTH DATA ELEMENTS--GENERAL INFORMATION
fixed length control field 060116n2005 000 0 eng u
020 ## - INTERNATIONAL STANDARD BOOK NUMBER
International Standard Book Number 1860818846
035 ## - SYSTEM CONTROL NUMBER
System control number (Sirsi) u132160
041 0# - LANGUAGE CODE
Language code of text/sound track or separate title eng
050 04 - LIBRARY OF CONGRESS CALL NUMBER
Classification number 694.01 $2 18
100 1# - MAIN ENTRY--PERSONAL NAME
Personal name Suttie, E. D.
245 00 - TITLE STATEMENT
Title Incising UK-grown Sitka spruce
260 ## - PUBLICATION, DISTRIBUTION, ETC.
Place of publication, distribution, etc. Watford
Name of publisher, distributor, etc. BRE
Date of publication, distribution, etc. 2005
300 ## - PHYSICAL DESCRIPTION
Extent 12p.
Other physical details ill
Dimensions 30cm.
490 #0 - SERIES STATEMENT
Series statement BRE Information Paper
Volume/sequential designation IP 13/05
520 ## - SUMMARY, ETC.
Summary, etc. Looks at some of the advantages and disadvantages of incising timber, concluding that this practice could benefit those producing, working with or specifying treated wood. Evidence to support this claim is gathering from field trials and laboratory tests.
590 ## - LOCAL NOTE (RLIN)
Local note IKA170106
650 24 - SUBJECT ADDED ENTRY--TOPICAL TERM
Topical term or geographic name entry element BS 8417: 2003
650 24 - SUBJECT ADDED ENTRY--TOPICAL TERM
Topical term or geographic name entry element BS EN 351: 1996
690 ## - LOCAL SUBJECT ADDED ENTRY--TOPICAL TERM (OCLC, RLIN)
Topical term or geographic name as entry element BUILT ENVIRONMENT-BUILDING MATERIALS-TIMBER-TIMBER AND WOOD
710 2# - ADDED ENTRY--CORPORATE NAME
Corporate name or jurisdiction name as entry element Forestry Commission
9 (RLIN) 804
710 2# - ADDED ENTRY--CORPORATE NAME
Corporate name or jurisdiction name as entry element Scottish Enterprise
9 (RLIN) 2731
942 ## - ADDED ENTRY ELEMENTS (KOHA)
Suppress in OPAC 0
Holdings
Withdrawn status Lost status Source of classification or shelving scheme Damaged status Not for loan Home library Current library Shelving location Date acquired Total Checkouts Full call number Barcode Date last seen Copy number Price effective from Koha item type
    Dewey Decimal Classification     London London BRE publications 16/01/2006   ENQUIRY DESK 30071589 06/08/2019 1 06/08/2019 Book